Polychlorinated dibenzo-para-dioxins and dibenzofurans

Αποθηκεύτηκε σε:
Λεπτομέρειες βιβλιογραφικής εγγραφής
Συγγραφή απο Οργανισμό/Αρχή: International Programme on Chemical Safety
Μορφή: Βιβλίο
Γλώσσα:English
Δημοσίευση: Geneva : World Health Organization, 1989
Σειρά:Environmental health criteria ; ; 88
Θέματα:
Ετικέτες: Προσθήκη ετικέτας
Δεν υπάρχουν, Καταχωρήστε ετικέτα πρώτοι!

MARC

LEADER 00000nam a2200000 i 4500
001 1/93233
008 940419s1989 eng d
020 |a 92-4-154288-8 
035 |l 10008760 
040 |a GR-MY-UA  |b gre  |e aacr 
041 0 |a eng 
082 0 |a 615.9512 
110 2 |a International Programme on Chemical Safety. 
245 1 0 |a Polychlorinated dibenzo-para-dioxins and dibenzofurans /  |c International Programme on Chemical Safety 
260 |a Geneva :   |b World Health Organization,   |c 1989 
300 |a 409 p. 
490 1 |a Environmental health criteria  |v ; 88  |x 0250-863X 
500 |a Published under the joint sponsorship of the United Nations Environment Programme, the International Labour Organization and the World Health Organization.Includes bibliographical referenses. 
650 0 0 |a Dioxins. 
650 0 0 |a Benzofuran. 
650 0 0 |a Environmental health. 
830 0 |a Environmental health criteria ;  |v ; 88  |x 0250-863X 
852 |a INST  |b LESVOS  |e 19940419  |h 615.9512 POL  |p 005100005809  |q 005100005809  |t BK  |y 0 
909 |a Λ  |b 027529